• 首页
  • 本馆介绍
  • 公告通知
  • 最新文献
  • 馆藏检索
  • 电子资源
  • 读者导购
  • 参考咨询
  • 我的图书馆
  • 登录
  • 详细信息显示
  • 放入我的书架
  • 预约/预借图书
  • 作者相关作品
  • 分类相关作品
  • 丛书相关作品
  • 出版社相关作品

书目信息

  • 表格格式
  • 工作单格式
  • 卡片格式
题名:
近代中国民间银行的诞生
    
 
作者: 林幸司 著译
分册:  
出版信息: 北京   社会科学文献出版社·历史学分社  2019
页数: 317页
开本: 21cm
丛书名:
单 册:
中图分类: F832.9
科图分类:
主题词: 银行史--yin hang shi--研究--中国--近代
电子资源:
ISBN: 978-7-5201-4336-3
000 01006nam0 2200241 450
001 2160531126
005 20210926145328.0
010    @a978-7-5201-4336-3@dCNY98.00
100    @a20190527d2019 em y0chiy50 ea
101 1  @achi@cjpn
102    @aCN@b110000
105    @ay z 000yy
106    @ar
200 1  @a近代中国民间银行的诞生@Ajin dai zhong guo min jian yin hang de dan sheng@f(日)林幸司著/译
210    @a北京@c社会科学文献出版社·历史学分社@d2019
215    @a317页@d21cm
314    @a林幸司 (1975-),生于日本冈山县,一桥大学社会科学博士,现任城市大学经济学部教授,研究领域为中国近代经济史、商业史、商业教育史。
330    @a本书从近现代中国内陆银行史的角度来探讨中华民国时期到中华人民共和国时期社会经济上的变与不变。书中分析核心问题是1915年作为四川头一家民间银行开业的“聚兴诚银行”。
606 0  @a银行史@Ayin hang shi@x研究@y中国@z近代
690    @aF832.9@v5
701  0 @c(日)@a林幸司@Alin xing si@f(1975-)@4著译
801  0 @aCN@b百万庄@c20210926
905    @b1301115-18@dF832.9@e200@f4
    
    近代中国民间银行的诞生/(日)林幸司著/译.-北京:社会科学文献出版社·历史学分社,2019
    317页;21cm
    
    
    ISBN 978-7-5201-4336-3:CNY98.00
    本书从近现代中国内陆银行史的角度来探讨中华民国时期到中华人民共和国时期社会经济上的变与不变。书中分析核心问题是1915年作为四川头一家民间银行开业的“聚兴诚银行”。
●
相关链接 在E读中查询图书 在五车中查询图书 在当当中查询图书 在豆瓣中查询图书


正题名:近代中国民间银行的诞生     索取号:F832.9/200         预约/预借

序号 登录号 条形码 馆藏地/架位号 状态 备注
1 1301115   213011159   第一样本阅览室/ [索取号:F832.9/200] 在馆    
2 1301116   213011168   第一借阅区/ [索取号:F832.9/200] 在馆    
3 1301117   213011177   第一借阅区/ [索取号:F832.9/200] 在馆    
4 1301118   213011186   第一借阅区/ [索取号:F832.9/200] 在馆    
唐山师范学院图书馆 欢迎您!
大连网信软件有限公司© 版权所有